00559nam a22001697a 450000500170000001000150001702000300003203500140006203700130007608200110008910000220010024500960012226000450021827000650026330000240032850000370035220190828141757.0 aENG-126355 c995.00a978-0-19-949049-3 aEN-109887 bDBAD/PUB a347.54 aRanjan, Sudhanshu aJustice versus Judiciary: cby Sudhanshu RanjanbJustice Enthroned or Entangled in India? / aNew DelhibOxford University Pressc2019 bNew Delhie110002a2/11 Ground Floor, Ansari Road, Daryaganj axiii385p.c23cm(hb) aIncludes index and bibliography.